| 000 | 00692nam a22002055i 4500 | ||
|---|---|---|---|
| 001 | 157029 | ||
| 003 | ES-MaACL | ||
| 005 | 20230906210549.0 | ||
| 008 | 990701s1897 fr |||| | fre d | ||
| 040 |
_aGA _bspa _cCCPB | 3D |
||
| 100 | 1 |
_aLanglois, Ch.-V. _9128673 |
|
| 245 | 1 | 0 |
_aIntroduction aux études historiques / _cpar Ch.-V. Longlois, Ch. Seignobos. |
| 250 | _a4ème éd. | ||
| 260 |
_aParis : _bLibrairie Hachette et Cie., _c[s.a.] ( _eCoulommiers : _fImp. Paul Brodard) |
||
| 300 |
_aXVIII, 308 p. ; _c19 cm. |
||
| 596 | 1 | _aTexto fechado en 1897 en p. XVIII. | |
| 752 |
_aFrancia - _dParís |
||
| 752 |
_aFrancia - _dCoulommiers |
||
| 852 |
_aES-MaACL _jF-9781 _z-- Enc. hol. |
||
| 999 |
_c157029 _d157029 |
||